000 00278nam a22001097a 4500
082 _a355.02 JAC'A
100 _aJACKSON, W. G. F
_948651
245 _aATTACK IN THE WEST NAPOLEON FIRST COMPAIGN RE-READ TODAY
260 _aLAHORE
_bAL-KITAB
_c1972
300 _a242P
942 _cBK
999 _c581813
_d581813